Normal view
MARC view
Entry Personal Name
001 - CONTROL NUMBER
- control field: 86206
003 - CONTROL NUMBER IDENTIFIER
- control field: dpl
005 - DATE AND TIME OF LATEST TRANSACTION
- control field: 20260105113926.0
008 - FIXED-LENGTH DATA ELEMENTS
- fixed length control field: 260105|| aca||aabn | a|a d
040 ## - CATALOGING SOURCE
- Original cataloging agency: dpl
- Transcribing agency: dpl
100 ## - HEADING--PERSONAL NAME
- Personal name: Saini, Abhas
670 ## - SOURCE DATA FOUND
- Source citation: Work cat.: (dpl)214008: Saini, Abhas, Super Maths: , 2026
